هكذا عاش ... وهكذا تكلم : (Record no. 24443)
[ view plain ]
| 000 -الفاتح | |
|---|---|
| حقل البيانات ثابتة الطول | 01013nam a22002415a 4500 |
| 003 - محدد رقم الضبط | |
| رقم الضبط | OSt |
| 005 - وقت وتاريخ اخر تعامل مع التسجيلة | |
| رقم الضبط | 20170316114925.0 |
| 008 - عناصر البيانات ثابتة الطول - معلومات عامة | |
| حقل البيانات ثابتة الطول | 170316s2013 ua a gr 000 0aara d |
| 015 ## - | |
| -- | 2012 / 22026 |
| 040 ## - مصدر الفهرسة | |
| وكالة الفهرسة الأصلية | EG-ScBUE |
| لغة الفهرسة | ara |
| وكالة النسخ | EG-ScBUE |
| 082 04 - رقم تصنيف ديوى العشرى | |
| رقم التصنيف | 270.092 |
| رقم المادة | ش ن و |
| رقم الطبعة | 22 |
| 100 0# - المدخل الرئيسى - إسم شخصى | |
| الإسم الشخصى | شنودة |
| الترقيم | الثالث، |
| العنوان والكلمات الأخرى المصاحبة للاسم | البابا، |
| التواريخ المصاحبة للاسم | 2012-1923. |
| 245 10 - بيان العنوان | |
| العنوان | هكذا عاش ... وهكذا تكلم : |
| بقية العنوان | حكاية العمر كما رواها مثلث الرحمات قداسة البابا شنوده الثالث. |
| 250 ## - بيان الطبعة | |
| بيان الطبعة | ط. 2. |
| 260 ## - PUBLICATION, DISTRIBUTION, ETC. (IMPRINT) | |
| مكان الناشر او الموزع | القاهرة : |
| اسم الناشر او الموزع | المركز الثقافي القبطي الأرثوذكسي، |
| تاريخ النشر أو التوزيع | 2013. |
| 300 ## - الوصف المادى | |
| التعداد | 152 ص. : |
| تفاصيل ماديه اخرى للوعاء | إيض. (لو) ؛ |
| أبعاد الوعاء | 24 سم. |
| 541 ## - تبصرة المصدر المباشر للتزويد | |
| مصدر التزويد | إهداء من المركز الثقافي القبطي الأرثوذكسي. |
| 600 07 - المدخل الاضافى بالموضوع-اسم شخصى | |
| الإسم الشخصى | شنودة |
| الترقيم | الثالث، |
| العنوان والكلمات الأخرى المصاحبة للاسم | البابا، |
| التواريخ المصاحبة للاسم | 2012-1923 |
| التقسيم الفرعي الشكلي | سيرة ذاتية. |
| مصدر الرأس أو المصطلح | BUEsh |
| 650 #7 - المدخل الاضافى بالموضوع-مصطلح موضوعى | |
| مصطلح موضوعي أو اسم جغرافي كعنصر مدخل | المسيحيون |
| التقسيم الفرعي الشكلي | تراجم. |
| مصدر الرأس أو المصطلح | BUEsh |
| 651 ## - المدخل الاضافى بالموضوع - اسم جغرافى | |
| مصدر الرأس أو المصطلح | BUEsh |
| 653 ## - مصطلح تكشيفى غير مقيد | |
| Resource For college | Generalities |
| Arrived date list | March2017 |
| 942 ## - عناصر المدخل الإضافي( كوها) | |
| مصدر التصنيف او مخطط الترفيف | Dewey Decimal Classification |
| حالة التراجع | حالة الفقد | مصدر التصنيف او خطة الترفيف | حالة تلف | ليس للاعارة | المكان الدائم | المكان الحالي | موقع الترفيف | تاريخ الاكتساب | Source of acquisition | رقم الاستدعاء | الباركود | Date last seen | تبصرة غير عامة( المفوع للعناصر المفقوده) | نوع الوعاء | تحديد مواد ( مجلدات مجمعه أو جزء أخر) | مُعار |
|---|---|---|---|---|---|---|---|---|---|---|---|---|---|---|---|---|
| Dewey Decimal Classification | Central Library | Central Library | Ground Floor | 16/03/2017 | Donation | 270.092 ش ن و | 000041386 | 15/07/2025 | إهداء من المركز الثقافي القبطي الأرثوذكسي. | Book - Borrowing | ||||||
| Lost | Dewey Decimal Classification | Central Library | Central Library | Ground Floor | 16/03/2017 | Donation | 270.092 ش ن و | 000041387 | 24/08/2022 | إهداء من المركز الثقافي القبطي الأرثوذكسي. | Book - Borrowing | Lost_In_Inventory_12-2-2024 | 26/02/2022 |